Historia de la Música Moderna, 1850-1914 (Record no. 9430)

MARC details
000 -CABECERA
campo de control de longitud fija 00681nam a2200217 a 4500
001 - NÚMERO DE CONTROL
campo de control BRL_618
005 - FECHA Y HORA DE LA ÚLTIMA TRANSACCIÓN
campo de control 20190320210826.0
008 - DATOS DE LONGITUD FIJA--INFORMACIÓN GENERAL
campo de control de longitud fija 100913s1943----ag-a######---#000-0dspa-#
041 ## - CÓDIGO DE LENGUA
Código de lengua del texto/banda sonora o título independiente spa
044 ## - CÓDIGO DEL PAÍS DE LA ENTIDAD EDITORA/PRODUCTORA
Código MARC del país ag
050 #4 - SIGNATURA TOPOGRÁFICA DE LA BIBLIOTECA DEL CONGRESO
Número de clasificación ML196
Número de documento/Ítem .M38 1943
100 1# - ENTRADA PRINCIPAL--NOMBRE DE PERSONA
Nombre de persona Mauclair, Camilo
9 (RLIN) 24444
245 10 - MENCIÓN DE TÍTULO
Título Historia de la Música Moderna, 1850-1914
Resto del título Los hombres - Las ideas - Las obras
Mención de responsabilidad, etc. Camilo Mauclair ; Versión española de José M. Borrás
260 ## - PUBLICACIÓN, DISTRIBUCIÓN, ETC.
Lugar de publicación, distribución, etc. Buenos Aires
Nombre del editor, distribuidor, etc. Editorial Schapire
Fecha de publicación, distribución, etc. 1943
300 ## - DESCRIPCIÓN FÍSICA
Extensión 263
Otras características físicas il.
Dimensiones 20 p.
500 ## - NOTA GENERAL
Nota general Au709
650 14 - PUNTO DE ACCESO ADICIONAL DE MATERIA--TÉRMINO DE MATERIA
Término de materia o nombre geográfico como elemento de entrada Música
Subdivisión general Historia y crítica
Subdivisión cronológica Siglo XIX
9 (RLIN) 24445
700 1# - PUNTO DE ACCESO ADICIONAL--NOMBRE DE PERSONA
Nombre de persona M. Borrás, José
Término indicativo de función/relación tr.
9 (RLIN) 24446
902 ## - CATALOGADOR
Iniciales GRL
942 ## - ELEMENTOS DE PUNTO DE ACCESO ADICIONAL (KOHA)
Fuente del sistema de clasificación o colocación Library of Congress Classification
Tipo de ítem Koha Libros
Holdings
Estado de retiro Estado de pérdida Estado dañado No para préstamo Localización permanente Ubicación/localización actual Fecha de adquisición Número de inventario Total de préstamos Signatura topográfica completa Código de barras Fecha visto por última vez Precio válido a partir de Tipo de ítem Koha
El ejemplar forma parte de la colección y puede ser consultado según las políticas vigentes.       Biblioteca Centro de Estudios Ruth D. Lechuga Biblioteca Centro de Estudios Ruth D. Lechuga 10/09/2013 Au709   ML196 .M38 1943 (Au709) GRL00676 22/03/2019 22/03/2019 Libros